Management von Risiko als langfristige Determinante der Konkurrenzfähigkeit der Unternehmen [záverečná správa projektu ASO č. SK-0607-KE-002 : doba riešenia do 11/2007]
Na minha lista:
| Autor principal: | |
|---|---|
| Outros Autores: | , , , , , , , |
| Formato: | Livro |
| Idioma: | eslovaco |
| Publicado em: |
[Košice]
[2007]
|
| Assuntos: | |
| Tags: |
Sem tags, seja o primeiro a adicionar uma tag!
|
MARC
| LEADER | 00000nam a2200000 4500 | ||
|---|---|---|---|
| 001 | 0163007 | ||
| 005 | 20240702111711.6 | ||
| 041 | 0 | |a slo | |
| 044 | |a SK | ||
| 245 | 1 | 0 | |a Management von Risiko als langfristige Determinante der Konkurrenzfähigkeit der Unternehmen |b [záverečná správa projektu ASO č. SK-0607-KE-002 : doba riešenia do 11/2007] |c project coordinator Eva Kafková |
| 264 | 1 | |a [Košice] |c [2007] | |
| 300 | |a [52 s.] | ||
| 610 | 2 | 0 | |a riadenie rizík |
| 610 | 2 | 0 | |a konkurencieschopnosť |
| 100 | 1 | |a Kafková, Eva | |
| 700 | 1 | |a Bobáková, Viktória | |
| 700 | 1 | |a Bosáková, Zuzana | |
| 700 | 1 | |a Varcholová, Tatiana | |
| 700 | 1 | |a Vološinová, Darina | |
| 700 | 1 | |a Výrost, Tomáš, 1978- | |
| 700 | 1 | |a Theil, Michael | |
| 700 | 1 | |a Daňhel, Jaroslav | |
| 700 | 1 | |a Ducháčková, Eva | |